Bollywood Movies set Abroad - Statistics

General Stats
  • This quiz has been taken 385 times
    167 since last reset
  • The average score is 7 of 20
Answer Stats
Movie (year) Country(ies) % Correct
Kal Ho Naa Ho (2003) United States
91%
Zindagi Na Milegi Dobara (2011) Spain, United Kingdom
90%
Dilwale Dulhania Le Jayenge (1995) Switzerland, United Kingdom
62%
Namastey London (2007) United Kingdom
61%
Raazi (2018) Pakistan, Bangladesh
48%
Queen (2013) France, Netherlands
44%
PK (2014) Belgium
38%
Dostana (2008) United States
38%
Befikre (2016) France
33%
Singh is Kinng (2008) Australia
28%
Jab Harry Met Sejal (2017) Czech Republic, Netherlands, Austria, Hungary, Portugal
28%
Dil Chahta Hai (2001) Australia
24%
Tamasha (2015) France
24%
Sangam (1964) United Kingdom, France, Switzerland
20%
Rockstar (2011) Czech Republic
15%
Ek Tha Tiger (2012) Ireland, Turkey
14%
Race (2008) South Africa, Dubai
14%
Awarapan (2007) China (Hong Kong), Pakistan, Thailand, Russia
6%
Tum Bin (2001) Canada
5%
Fanaa (2006) Poland
3%
No matching quizzes found
Score Distribution
Percent of People with Each Score
Percentile by Number Answered
Your Score History
You have not taken this quiz since the last reset